000
00213nam a22000977a 4500
041
_a
ENG
245
_a
Soil Erosion Prediction AnD Control
260
_a
Delhi
_b
Soil Conservation
_c
1968
650
_a
48
856
_u
48
999
_c
3132
_d
3132